00517nam a2200217Ia 450000500170000000800460001702000180006303700100008104000080009104000080009904000080010704100080011504100080012308400080013110000350013924500330017426000080020726000090021565000140022485600610023820260306172716.0008 260114s9999 xx 000 0 eng d a9789388028172 aEBOOK aCRL beng cCRL 2eng aeng qCRL aMangal, S. K., Mangal, Shubhra 0aCreating An Inclusive School bPHI c2025 aEducation uhttps://elibrary.phindia.com/ebooks/reader/9789388028172